[Event "Koltanowski Memorial op"]
[Site "San Francisco"]
[Date "2000.12.19"]
[Round "6"]
[White "Steel, David T"]
[Black "Chetan, KN."]
[Result "0-1"]
[WhiteElo "2043"]
[BlackElo "2163"]
[PlyCount "54"]
[EventDate "2000.12.14"]
[EventType "swiss"]
[EventRounds "9"]
[EventCountry "USA"]
[SourceTitle "CBM 079 Extra"]
[Source "ChessBase"]
[SourceDate "2001.01.11"]
[SourceVersion "2"]
[SourceVersionDate "2001.01.25"]
[SourceQuality "1"]

1. d4 Nf6 2. c4 c5 3. d5 e6 4. Nc3 exd5 5. cxd5 d6 6. e4 g6 7. Be2 Bg7 8. Nf3 0-0 9. 0-0 Re8 10. Nd2 b6 11. a4 Na6 12. Bb5 Re7 13. a5 Bb7 14. Re1 Nc7 15. a6 Bc8 16. Nc4 Nxb5 17. Nxb5 Nxe4 18. Bf4 Bd7 19. Nbxd6 Nxd6 20. Bxd6 Rxe1+ 21. Qxe1 Bb5 22. Be7 Qxd5 23. Ne3 Qe4 24. Bd6 Re8 25. Ra3 Bd4 26. Qd2 Qb1+ 27. Qd1 Qxd1+ 0-1

[Event "Koltanowski Memorial op"]
[Site "San Francisco"]
[Date "2000.12.16"]
[Round "3"]
[White "Kraai, Jesse"]
[Black "Chetan, KN."]
[Result "1-0"]
[WhiteElo "2430"]
[BlackElo "2163"]
[PlyCount "48"]
[EventDate "2000.12.14"]
[EventType "swiss"]
[EventRounds "9"]
[EventCountry "USA"]
[SourceTitle "CBM 079 Extra"]
[Source "ChessBase"]
[SourceDate "2001.01.11"]
[SourceVersion "2"]
[SourceVersionDate "2001.01.25"]
[SourceQuality "1"]

1. d4 d5 2. c4 c6 3. Nc3 Nf6 4. e3 e6 5. Nf3 Nbd7 6. b3 Bd6 7. Be2 0-0 8. 0-0 b6 9. Bb2 Bb7 10. Qc2 c5 11. cxd5 cxd4 12. Nb5 Bb8 13. dxe6 Nc5 14. exf7+ Kh8 15. Nbxd4 Be4 16. Qd2 Bd5 17. Rad1 Qc8 18. Bc4 Bxc4 19. bxc4 Nfe4 20. Qe2 Rxf7 21. Nb3 Na4 22. Rd4 Nxb2 23. Rxe4 Na4 24. Ne5 Rf6 1-0

[Event "Kurt Bendit Rating"]
[Site "San Francisco"]
[Date "2000.08.18"]
[Round "2"]
[White "Chetan, KN."]
[Black "Wong, Russell"]
[Result "1/2-1/2"]
[WhiteElo "2163"]
[BlackElo "2101"]
[PlyCount "98"]
[EventDate "2000.08.17"]
[EventType "tourn"]
[EventRounds "9"]
[EventCountry "USA"]
[SourceTitle "EXT 2002"]
[Source "ChessBase"]
[SourceDate "2001.11.25"]
[SourceVersion "1"]
[SourceVersionDate "2001.11.25"]
[SourceQuality "1"]

1. e4 Nf6 2. e5 Nd5 3. d4 d6 4. c4 Nb6 5. f4 dxe5 6. fxe5 Nc6 7. Be3 Bf5 8. Nc3 e6 9. Nf3 Be7 10. d5 exd5 11. cxd5 Nb4 12. Nd4 Bg6 13. Bb5+ Kf8 14. 0-0 Kg8 15. d6 cxd6 16. exd6 Qxd6 17. Nf5 Qe6 18. Nxe7+ Qxe7 19. Bf2 h6 20. Qf3 Rd8 21. Rae1 Qc7 22. Bh4 Ra8 23. Re7 Qc5+ 24. Kh1 N4d5 25. Rxf7 Qd4 26. Nxd5 Nxd5 27. Rd7 Qxh4 28. Qxd5+ Kh7 29. Qxb7 Rhg8 30. b3 Be4 31. Bc6 Bxc6 32. Qxc6 Rgf8 33. Rfd1 Rae8 34. Qc3 Re7 35. Rxe7 Qxe7 36. Kg1 Qb7 37. Qd4 Rf7 38. h3 Qc7 39. Qd3+ g6 40. Qd6 Qc2 41. Rd2 Qc1+ 42. Kh2 h5 43. Qd4 Qe1 44. Rd1 Qe2 45. Rd2 Qe1 46. Rd1 Qe2 47. Qd2 Qe5+ 48. Kh1 Qg3 49. Qe1 Qg5 1/2-1/2

[Event "Arthur Dake Int"]
[Site "San Francisco"]
[Date "1999.07.11"]
[Round "1"]
[White "Ginsburg, Mark"]
[Black "Chetan, KN."]
[Result "1-0"]
[WhiteElo "2381"]
[BlackElo "2215"]
[PlyCount "79"]
[EventDate "1999.07.11"]
[EventType "tourn"]
[EventRounds "9"]
[EventCountry "USA"]
[EventCategory "4"]
[SourceTitle "CBM 071 Extra"]
[Source "ChessBase"]
[SourceDate "1999.09.14"]
[SourceVersion "1"]
[SourceVersionDate "1999.09.14"]
[SourceQuality "1"]

1. c4 e5 2. Nc3 Nf6 3. Nf3 Nc6 4. d3 Bb4 5. Bd2 d5 6. cxd5 Nxd5 7. g3 f6 8. Bg2 Be6 9. 0-0 Nxc3 10. Bxc3 Bxc3 11. bxc3 Qd7 12. Rb1 Rb8 13. Qa4 0-0 14. Rfd1 Bh3 15. Qb3+ Kh8 16. Bh1 Ne7 17. Nd2 c6 18. Ne4 b6 19. d4 exd4 20. cxd4 Nd5 21. Rbc1 Rbc8 22. e3 Rfd8 23. Qa3 Be6 24. Nc3 Nxc3 25. Rxc3 c5 26. d5 Qd6 27. Qxa7 Bd7 28. Qa3 b5 29. Qc1 b4 30. Rc4 Bb5 31. Rh4 g6 32. Be4 Kg7 33. Bd3 c4 34. Bxc4 Qc5 35. Rdd4 g5 36. Rhg4 h5 37. Rge4 f5 38. Qb2 fxe4 39. Rxe4+ Kg6 40. Re6+ 1-0